Catálogo
 En Linea

Diccionario español-bubi = (Registro nro. 43314)

Detalles MARC
000 -CABECERA
campo de control de longitud fija 00542nam a2200157 a 4500
001 - NÚMERO DE CONTROL
campo de control 000043825
005 - FECHA Y HORA DE LA ÚLTIMA TRANSACCIÓN
campo de control 20201002045005.0
008 - DATOS DE LONGITUD FIJA--INFORMACIÓN GENERAL
campo de control de longitud fija 140506s2009 sp 001 0 spa d
020 ## - NÚMERO INTERNACIONAL ESTÁNDAR DEL LIBRO
Número Internacional Estándar del Libro 9788446030331
040 ## - FUENTE DE LA CATALOGACIÓN
Centro catalogador/agencia de origen DO-SdBNP
Lengua de catalogación spa
Centro/agencia transcriptor BNPHU
041 17 - CÓDIGO DE LENGUA
Código de lengua del texto/banda sonora o título independiente spa
Código de lengua original bnt
245 00 - MENCIÓN DE TÍTULO
Título Diccionario español-bubi =
Resto del título Ë ribúkku ra balláa béböbé-lëë /
Mención de responsabilidad, etc. Justo Boleika.
246 13 - FORMA VARIANTE DE TÍTULO
Título propio/Titulo breve Ë ribúkku ra balláa béböbé-lëë
260 ## - PUBLICACIÓN, DISTRIBUCIÓN, ETC.
Lugar de publicación, distribución, etc. Madrid :
Nombre del editor, distribuidor, etc. Agencia Española de Cooperación Internacional para el Desarrollo,
Fecha de publicación, distribución, etc. 2009.
300 ## - DESCRIPCIÓN FÍSICA
Extensión 542 p. ;
Dimensiones 23 cm.
Existencias
Estado de retiro Estado de pérdida Restricciones de uso No para préstamo Código de colección Localización permanente Ubicación/localización actual Ubicación en estantería Fecha de adquisición Número de inventario Total de préstamos Signatura topográfica completa Código de barras Fecha visto por última vez Precio válido a partir de Tipo de ítem Koha
      Excluido de préstamo Monografías: Libros y Folletos General General En catalogación 06.05.2014 LF1   43825-10 25.06.2020 25.06.2020 No se presta

Con tecnología Koha